000
00298nam a2200133Ia 4500
005
20260328101515.0
008
260328s9999||||xx |||||||||||||| ||und||
100
_a
Lee, Uje
245
0
_a
Urban Facilies /
_c
Uje Lee
260
_b
C3
300
_a
293 p.
650
_a
ARQUITECTURA CIVIL
942
_c
BK
999
_c
9337
_d
9337